000 00220nam a2200109Ia 4500
100 _aStevenson/R/L
650 _aNovel
942 _cBK
245 _aTreasure Island
260 _bMacmillon & co
_c2001
546 _aENGLISH
999 _c18542
_d18542